| 000 | 00792nam a22001935i 4500 | ||
|---|---|---|---|
| 001 | 160774 | ||
| 003 | ES-MaACL | ||
| 005 | 20230906212126.0 | ||
| 008 | 040908q18851900fr a |||| | fre d | ||
| 040 |
_aCAM _bspa _cCAM |
||
| 245 | 0 | 0 |
_a[Notice sur l'électromètre de M. Mascart _b: Ateliers Ruhmkorff, J. Carpentier ingénieur-constructeur ...]. |
| 260 |
_aParis : _b[s.n., _cs.a.] ( _fImprimerie de Gauthier-Villars) |
||
| 300 |
_a12 p. : _bil. ; _c24 cm. |
||
| 500 | _aTit. tomado de comienzo del texto y pie de imp. tomado de colofón. | ||
| 596 | _aProbablemente impreso en los últimos años del siglo XIX. | ||
| 650 | 4 |
_aElectricidad- _xEquipos. _9223398 |
|
| 852 |
_aES-MaACL _jT-668-F-3 _z-- Enc. hol. _q-- Falto de la port. _z-- Enc. en un vol. facticio |
||
| 999 |
_c160774 _d160774 |
||